000 00509nam a2200193Ia 4500
003 GCL
008 140319s9999 xx 000 0 eng d
040 _aGCL /
_cGCL
082 0 4 _aCC
_b916.2
_bL D
100 1 _aLACALLAIS, NICOLE
245 1 0 _aLES DESERTS D'EGYPTE /
_cLACALLAIS, NICOLE
700 1 _aZIVIE, ALAIN
260 _a[S.N] :
_bA C R EDITION POCHE CORILOA ،
_c1992
300 _a256 P
650 0 4 _aLIBYAN DESERT
650 0 4 _aEGYPT - DESERTS
650 0 4 _aSUDAN - DESERTS
942 _2ddc
_cBK
999 _c15909
_d15909